Statistics for MLB All-Star Second Basemen since 1986

Click here to take the quiz!

General Stats

  • This quiz has been taken 53 times
    (36 since last reset)
  • The average score is 18 of 82

Answer Stats

Answer% Correct
Robinson Cano
71%
Dustin Pedroia
65%
Jose Altuve
65%
Roberto Alomar
65%
Craig Biggio
59%
Ryne Sandberg
59%
D.J. Lemahieu
47%
Jeff Kent
47%
Alfonso Soriano
41%
Brian Roberts
41%
Chase Utley
41%
Steve Sax
41%
Dan Uggla
35%
Eric Young Sr.
35%
Gleyber Torres
35%
Ian Kinsler
35%
Javier Baez
35%
Jay Bell
35%
Ray Durham
35%
Aaron Hill
29%
Ben Zobrist
29%
Bret Boone
29%
Frank White
29%
Julio Franco
29%
Marcus Semien
29%
Max Muncy
29%
Placido Polanco
29%
Carlos Garcia
24%
Daniel Murphy
24%
Dee Gordon
24%
Jeff McNeil
24%
Mariano Duncan
24%
Ozzie Albies
24%
Robby Thompson
24%
Willie Randolph
24%
Adam Frazier
18%
Brandon Phillips
18%
Carlos Baerga
18%
Harold Reynolds
18%
Jake Cronenworth
18%
Jason Kipnis
18%
Jose Lopez
18%
Jose Vidro
18%
Ketel Marte
18%
Marco Scutaro
18%
Mark Loretta
18%
Starlin Castro
18%
Tony Womak
18%
Andres Gimenez
12%
Brandon Lowe
12%
Damion Easley
12%
Edgardo Alfonzo
12%
Freddy Sanchez
12%
Jazz Chisholm
12%
Jed Lowrie
12%
Joe Panik
12%
Johnny Ray
12%
Lou Whitaker
12%
Luis Castillo
12%
Martin Prado
12%
Matt Carpenter
12%
Orlando Hudson
12%
Paul Molitor
12%
Richie Weeks
12%
Brian Dozier
6%
Brock Holt
6%
Fernando Vina
6%
Howie Kendrick
6%
Joey Cora
6%
Jonathan Schoop
6%
Josh Harrison
6%
Juan Samuel
6%
Marcus Giles
6%
Mickey Morandini
6%
Omar Infante
6%
Ronnie Belliard
6%
Scooter Gennett
6%
Tommy Lastella
6%
Whit Merrifield
6%
Jose Offerman
0%
Junior Spivey
0%
Mike Sharperson
0%

Score Distribution

Percentile by Number Answered

Percent of People with Each Score

Your Score History

You have not taken this quiz since the last reset